British Celebrities by Picture #9 - Statistics

General Stats
  • This quiz has been taken 224 times
  • The average score is 7 of 20
Answer Stats
Picture Answer % Correct
Rupert Grint
77%
Dua Lipa
76%
Keira Knightley
73%
Martin Freeman
56%
Matt Smith
53%
Gary Lineker
51%
Gary Barlow
48%
Stormzy
44%
Katie Price
39%
David Mitchell
37%
George Orwell
26%
Karen Gillan
26%
Kate Garraway
25%
John Boyega
22%
June Brown
20%
Emeli Sandé
16%
Charlie Hunnam
15%
Ella Purnell
13%
Mabel
12%
Emily Watson
10%
No matching quizzes found
Score Distribution
Percent of People with Each Score
Percentile by Number Answered
Your Score History
You have not taken this quiz